Vista normal
Vista MARC
Entrada Personal Name
Número de registros utilizados en: 2
001 - CONTROL NUMBER
- control field: 1996
003 - CONTROL NUMBER IDENTIFIER
- control field: OSt
005 - DATE AND TIME OF LATEST TRANSACTION
- control field: 20130319111401.0
008 - FIXED-LENGTH DATA ELEMENTS
- fixed length control field: 130319|||a|||||| | ||| d
040 ## - CATALOGING SOURCE
- Original cataloging agency: OSt
- Transcribing agency: OSt
100 ## - HEADING--PERSONAL NAME
- Personal name: Lincoln, Yvonna S.
670 ## - SOURCE DATA FOUND
- Source citation: Work cat.: (OSt): Denzin, Norman K. Comp. 1995, El campo de la investigación cualitativa. vol.1 / vol.1, 2011.